000 00720nam a2200289Ia 4500
005 20260324124631.0
008 008 260324s9999 xx 000 0 eng d
020 _a9780203839195
037 _aEBOOK
040 _aCRL
040 _beng
040 _cCRL
041 _2eng
041 _aeng
084 _qCRL
100 _aLeopold von Ranke; Georg G. Iggers
_91174916
245 4 _aThe Theory and Practice of History
245 0 _bEdited with an introduction by Georg G. Iggers
260 _bTaylor and Francis
260 _c2010
365 _a
365 _b230
856 _uhttp://www.taylorfrancis.com/books/9780203839195
942 _cEBOOK
999 _c1769454
_d1769454